000
00357nam a2200157Ia 4500
008
090124s9999 xx 000 0 und d
082
_b
105866
245
_a
सावट
250
_a
1
260
_c
1956
300
_a
148
630
_a
सावट
700
_a
तेंडुलकर मीना
730
_a
सावट
942
_c
BOOK
999
_c
151957
_d
151957